[Event "EST-ch 1st email"]
[Site "Estonia"]
[Date "1999.??.??"]
[Round "?"]
[White "Kukk, Raul"]
[Black "Lopp, Rain"]
[Result "1-0"]
[WhiteElo "2283"]
[BlackElo "2000"]
[PlyCount "49"]
[EventDate "1999.01.01"]
[EventType "tourn (corr)"]
[EventRounds "14"]
[EventCountry "EST"]
[SourceTitle "Corr 2002"]
[Source "ChessBase"]
[SourceDate "2002.05.23"]
[SourceVersion "1"]
[SourceVersionDate "2002.05.23"]
[SourceQuality "1"]

1. e4 e5 2. Nf3 Nc6 3. Bb5 Nf6 4. 0-0 d6 5. d4 exd4 6. Nxd4 Bd7 7. Nc3 Be7 8. Re1 0-0 9. Bxc6 Bxc6 10. Nxc6 bxc6 11. Be3 Re8 12. Qf3 Bf8 13. Rad1 Qe7 14. Bd4 Nd7 15. b3 c5 16. Nd5 Qd8 17. Bc3 c6 18. Ne3 Nb6 19. a4 a5 20. Qg3 Rxe4 21. Ng4 Rxe1+ 22. Rxe1 g6 23. Nf6+ Kh8 24. Qh4 h6 25. Re8 1-0

[Event "EST-ch 1st email"]
[Site "Estonia"]
[Date "1999.??.??"]
[Round "?"]
[White "Kulaots, Aare"]
[Black "Lopp, Rain"]
[Result "1-0"]
[WhiteElo "2248"]
[BlackElo "2000"]
[PlyCount "59"]
[EventDate "1999.01.01"]
[EventType "tourn (corr)"]
[EventRounds "14"]
[EventCountry "EST"]
[SourceTitle "Corr 2002"]
[Source "ChessBase"]
[SourceDate "2002.05.23"]
[SourceVersion "1"]
[SourceVersionDate "2002.05.23"]
[SourceQuality "1"]

1. e4 e5 2. f4 exf4 3. Nf3 Be7 4. Bc4 d6 5. d4 Nc6 6. Bxf4 Bg4 7. 0-0 Nf6 8. Qd3 0-0 9. Nc3 Re8 10. a3 Bf8 11. e5 dxe5 12. Nxe5 Nxe5 13. Bxe5 Be7 14. Nb5 Bd6 15. Bxf6 gxf6 16. Bxf7+ Kxf7 17. Qxh7+ Ke6 18. Qe4+ Kf7 19. Qxg4 Rg8 20. Qh5+ Rg6 21. Qd5+ Kg7 22. Qxb7 Rb8 23. Qc6 Rb6 24. Qc4 a6 25. Nxd6 Qxd6 26. b4 Rh6 27. g3 Rg6 28. Rf2 Rb8 29. Re1 f5 30. c3 1-0

[Event "EST-ch 1st email"]
[Site "Estonia"]
[Date "1999.??.??"]
[Round "?"]
[White "Lopp, Rain"]
[Black "Simson, Urmas"]
[Result "0-1"]
[WhiteElo "2000"]
[BlackElo "2049"]
[PlyCount "52"]
[EventDate "1999.01.01"]
[EventType "tourn (corr)"]
[EventRounds "14"]
[EventCountry "EST"]
[SourceTitle "Corr 2002"]
[Source "ChessBase"]
[SourceDate "2002.05.23"]
[SourceVersion "1"]
[SourceVersionDate "2002.05.23"]
[SourceQuality "1"]

1. e4 e5 2. Nf3 Nc6 3. Bb5 f5 4. exf5 e4 5. Bxc6 dxc6 6. Ne5 Bxf5 7. Nc3 Qg5 8. g4 Be6 9. d4 Qe7 10. Nxe4 Bd5 11. f3 Bxe4 12. fxe4 Qh4+ 13. Kd2 Qf2+ 14. Kc3 c5 15. Bg5 h6 16. Ng6 hxg5 17. Nxh8 0-0-0 18. b3 g6 19. Rf1 Qe3+ 20. Qd3 Bg7 21. Qxe3 cxd4+ 22. Kd3 dxe3+ 23. Kxe3 Bd4+ 24. Ke2 Bxh8 25. Rad1 Re8 26. Kf3 Nf6 0-1

[Event "EST-ch 1st email"]
[Site "Estonia"]
[Date "1999.??.??"]
[Round "?"]
[White "Tarmak, Mart"]
[Black "Lopp, Rain"]
[Result "1-0"]
[WhiteElo "2136"]
[BlackElo "2000"]
[PlyCount "29"]
[EventDate "1999.01.01"]
[EventType "tourn (corr)"]
[EventRounds "14"]
[EventCountry "EST"]
[SourceTitle "Corr 2002"]
[Source "ChessBase"]
[SourceDate "2002.05.23"]
[SourceVersion "1"]
[SourceVersionDate "2002.05.23"]
[SourceQuality "1"]

1. e4 e5 2. f4 exf4 3. Nf3 Be7 4. Bc4 d6 5. 0-0 Nf6 6. Nc3 Bg4 7. d4 Nc6 8. Bxf4 0-0 9. Qd2 Re8 10. Rae1 Bf8 11. Bg5 h6 12. Bxf6 Qxf6 13. Ne5 Qg5 14. Qxg5 hxg5 15. Bxf7+ 1-0